ZC2 RICS RICS Global Carbon Capacity Index 2008 results (Record no. 121692)

MARC details
000 -LEADER
fixed length control field 00773cad a22001695a 4500
008 - FIXED-LENGTH DATA ELEMENTS--GENERAL INFORMATION
fixed length control field 231101s2009 xxk f 000 0 eng d
041 0# - LANGUAGE CODE
Language code of text/sound track or separate title eng
245 44 - TITLE STATEMENT
Title ZC2 RICS RICS Global Carbon Capacity Index 2008 results
Medium [electronic resource]
260 ## - PUBLICATION, DISTRIBUTION, ETC.
Place of publication, distribution, etc. London
Name of publisher, distributor, etc. RICS
Date of publication, distribution, etc. March 2009
300 ## - PHYSICAL DESCRIPTION
Extent 7p.
520 ## - SUMMARY, ETC.
Summary, etc. 2008 RICS Global Carbon Capacity Index aimed at tracking progress of countries towards a zero carbon built environment identifies Norway as the country making the most progress.
650 24 - SUBJECT ADDED ENTRY--TOPICAL TERM
Topical term or geographic name entry element RICS GLOBAL CARBON CAPACITY INDEX
651 #4 - SUBJECT ADDED ENTRY--GEOGRAPHIC NAME
Geographic name International
690 ## - LOCAL SUBJECT ADDED ENTRY--TOPICAL TERM (OCLC, RLIN)
Topical term or geographic name as entry element Environment
9 (RLIN) 6238
856 48 - ELECTRONIC LOCATION AND ACCESS
Uniform Resource Identifier <a href="https://www.isurv.com/downloads/file/2498/rics_global_carbon_capacity_index_-_zc2_-_2008_results">https://www.isurv.com/downloads/file/2498/rics_global_carbon_capacity_index_-_zc2_-_2008_results</a>
Public note archived on isurv (subscription required)
942 ## - ADDED ENTRY ELEMENTS (KOHA)
Suppress in OPAC 0
Source of classification or shelving scheme Dewey Decimal Classification
Holdings
Withdrawn status Lost status Source of classification or shelving scheme Damaged status Not for loan Home library Current library Shelving location Date acquired Total Checkouts Full call number Date last seen Price effective from Koha item type
    Dewey Decimal Classification     Virtual Virtual Online 01/11/2023   isurv 01/11/2023 01/11/2023 Online material